000 00568nam a22001937a 4500
999 _c7888
_d7888
003 BD-JhCC
005 20181003180359.0
008 180215b1967 bg ||||| |||| 00| 0 ben d
035 _a(BD-JhCC)
040 _aBD-JhCC
_dBD-JhCC
041 _aben
082 _a951
_bOAS 1967
100 _aওয়াসেকপুরী, আবদুর রশীদ
245 _aচিন দেশ ও জাতি /
_c আবদুর রশীদ ওয়াসেকপুরী
300 _a188 p. :
_c19 cm.
650 _aChina
942 _2ddc
_cBK